Teoría del Cambio Subjetivo: (Record no. 181212)

MARC details
000 -CABECERA
campo de control de longitud fija 01720nab a2200325 a 4500
005 - FECHA Y HORA DE LA ÚLTIMA TRANSACCIÓN
campo de control 20210219162708.0
008 - ELEMENTOS DE LONGITUD FIJA--INFORMACIÓN GENERAL
campo de control de longitud fija 991125s1985 mx 000 0 spa u
035 ## - NÚMERO DE CONTROL DEL SISTEMA
Número de control de sistema UPN01000209111
049 ## - COLECCIÓN
Colección ART-E
100 1# - ASIENTO PRINCIPAL--NOMBRE PERSONAL
Nombre de persona Castro, Pablo J.
100 1# - ASIENTO PRINCIPAL--NOMBRE PERSONAL
Nombre de persona Krause, Mariane
100 1# - ASIENTO PRINCIPAL--NOMBRE PERSONAL
Nombre de persona Frisancho, Susana
222 #0 - TÍTULO CLAVE
Título clave REVISTA COLOMBIANA DE PSICOLOGIA
245 00 - MENCIÓN DE TÍTULO
Título Teoría del Cambio Subjetivo:
Resto del título aportes desde un estudio cualitativo con profesores
260 ## - PUBLICACIÓN, DISTRIBUCIÓN, ETC.
Lugar de publicación, distribución, etc. Bogotá, Colombia
300 ## - DESCRIPCIÓN FÍSICA
Extensión 363-379
362 0# - FECHAS DE PUBLICACIÓN Y/O DESIGNACIÓN SECUENCIAL
Fecha de publicación y/o designación secuencial 2015, Vol. 24, no. 2 (jul.-dic.)
336 ## - TIPO DE CONTENIDO
Término de tipo de contenido texto$2rdacontent
337 ## - TIPO DE MEDIO
Nombre/término del tipo de medio computadora$2rdamedia
338 ## - TIPO DE SOPORTE
Nombre/término del tipo de soporte recurso en linea$2rdacarrier
520 3# - NOTA DE RESUMEN, ETC.
Sumario, etc. Se reportan los hallazgos de una investigación que reconstruye la teoría subjetiva de un grupo de docentes participantes de un diplomado de educación en valores acerca de su propio proceso de cambio. A una muestra de 12 profesores chilenos se le realizaron 35 entrevistas y se analizaron algunos documentos personales. La información se procesó mediante análisis cualitativo descriptivo y relacional, y fue codificada utilizando el programa ATLAS.ti. Los resultados indicaron que los participantes distinguen factores externos y propios como causas de sus cambios, diferencian entre vida personal y trabajo con incipientes explicaciones al integrar ambas dimensiones, y reconocen la importancia del cambio personal en el cambio profesional.
653 0# - TERMINO DE INDIZACION - NO CONTROLADO
Término no controlado CAMBIO
653 0# - TERMINO DE INDIZACION - NO CONTROLADO
Término no controlado SUBJETIVIDAD
653 0# - TERMINO DE INDIZACION - NO CONTROLADO
Término no controlado PRACTICA DOCENTE
653 0# - TERMINO DE INDIZACION - NO CONTROLADO
Término no controlado VALORES
653 0# - TERMINO DE INDIZACION - NO CONTROLADO
Término no controlado FORMACION DOCENTE
856 4# - LOCALIZACIÓN Y ACCESO ELECTRÓNICOS
Identificador Uniforme del Recurso <a href="http://www.revistas.unal.edu.co/index.php/psicologia/article/view/44453/52952">http://www.revistas.unal.edu.co/index.php/psicologia/article/view/44453/52952</a>
905 ## - TIPO DE MATERIAL
Tipo de material Articulo

No items available.